Multiple Criteria Decision Aid Methods, Examples and Python Implementations

Salvato in:
Dettagli Bibliografici
Autore principale: Papathanasiou, Jason
Altri autori: Ploskas, Nikolaos
Natura: Libro
Lingua:inglese
Pubblicazione: Cham Springer 2018
Soggetti:
Tags: Aggiungi Tag
Nessun Tag, puoi essere il primo ad aggiungerne!!

MARC

LEADER 00000nam a2200000 4500
001 0281794
005 20240221113021.2
020 |a 978-3-319-91646-0 
020 |a 978-3-319-91648-4 
022 |a 1931-6828 
022 |a 1931-6836 
041 0 |a eng 
044 |a CH 
245 1 0 |a Multiple Criteria Decision Aid  |b Methods, Examples and Python Implementations  |c Jason Papathanasiou, Nikolaos Ploskas 
264 1 |a Cham  |b Springer  |c 2018 
300 |a xvii, 173 s. 
610 2 0 |a metódy rozhodovania 
610 2 0 |a výskum operačný 
610 2 0 |a rozhodovanie 
610 2 0 |a softvér 
610 2 0 |a programovanie 
610 2 0 |a jazyky programovacie 
610 2 0 |a systémy operačné 
100 1 |a Papathanasiou, Jason 
700 1 |a Ploskas, Nikolaos